| 000 | 00414nam a22001697a 4500 | ||
|---|---|---|---|
| 005 | 20241021093044.0 | ||
| 008 | 241021b |||||||| |||| 00| 0 eng d | ||
| 020 | _a8123908628 | ||
| 050 |
_aRM103 _bGRO |
||
| 100 | _aJ.K. Grover | ||
| 245 | _aTextbook of Parmacology for Nurses | ||
| 250 | _a2nd | ||
| 260 |
_aNew Delhi _bCBS Publishers _c2002 |
||
| 300 | _axii.216p | ||
| 500 | _aInclude Index | ||
| 942 |
_2lcc _cBK _n0 |
||
| 999 |
_c91 _d91 |
||